After the big wave : mothers, fathers, children : (Record no. 4534)

MARC details
000 -LEADER
fixed length control field 00722nam a2200157 4500
008 - FIXED-LENGTH DATA ELEMENTS--GENERAL INFORMATION
fixed length control field 231219b |||||||| |||| 00| 0 eng d
082 ## - DEWEY DECIMAL CLASSIFICATION NUMBER
Classification number 363.3492
Item number AFT
942 ## - ADDED ENTRY ELEMENTS (KOHA)
Item Type Reports
245 ## - TITLE STATEMENT
Title After the big wave : mothers, fathers, children :
Sub Title a study on the coping strategies of widowers, widows, and their children affected by the tsunami in Sri Lanka, conducted in Ampara, Batticaloa, and Galle
260 ## - PUBLICATION, DISTRIBUTION, ETC. (IMPRINT)
Place of Publication New Delhi :
Name of Publisher UNIFEM : Social and Human Resource Development Consultants,
Date of Copyright 2006
300 ## - PHYSICAL DESCRIPTION
Extent 83 p. : col. ill. ; 31 cm.
650 ## - SUBJECT ADDED ENTRY--TOPICAL TERM
Topical Term Indian Ocean Tsunami
650 ## - SUBJECT ADDED ENTRY--TOPICAL TERM
Topical Term Disaster victims--Rehabilitation--Sri Lanka
650 ## - SUBJECT ADDED ENTRY--TOPICAL TERM
Topical Term Disaster victims--Sri Lanka-Psychological aspects
650 ## - SUBJECT ADDED ENTRY--TOPICAL TERM
Topical Term Tsunami relief--Sri Lanka
Holdings
Withdrawn status Lost status Source of classification or shelving scheme Damaged status Not for loan Permanent location Current location Date acquired Total Checkouts Full call number Barcode Date last seen Price effective from Koha item type
    Dewey Decimal Classification     Resource center, Muslim Women's Research And Action Forum Resource center, Muslim Women's Research And Action Forum 2023-12-19   363.3492 AFT RAF4593 2023-12-19 2023-12-19 Reports
    Dewey Decimal Classification     Resource center, Muslim Women's Research And Action Forum Resource center, Muslim Women's Research And Action Forum 2023-12-22   363.3492 AFT RAF4600 2023-12-22 2023-12-22 Reports

Copyright © 2023 Muslim Women's Research and Action Forum (MWRAF), No 27/3, Anderson Road, Kalubowila, Dehiwela. Funded by The Asia Fundation